Personages uit Thuis Quiz Stats

 Plays Quiz not verified by Sporcle

Challenge
Share
Tweet
Embed
Score 0/157 Timer 15:00
0 Plays Today
Naam van het personage % Correct
Frank Bomans
97.7%
Luc Bomans
97.7%
Rosa Verbeeck
94.3%
Simonne Backx
94.3%
Jenny Verbeeck
92%
Peggy Verbeeck
89.8%
Franky Bomans
89.8%
An De Decker
88.6%
Marianne Bastiaens
87.5%
Tom De Decker
86.4%
Nancy De Groote
85.2%
Eddy Van Notegem
85.2%
Femke Fierens
85.2%
Lowie Bomans
85.2%
Bianca Bomans
84.1%
Sam Bastiaens
84.1%
Waldek Kozinsky
84.1%
Mo Fawzi
83%
Peter Vlerik
81.8%
Leo Vertonghen
80.5%
Sam De Witte
79.5%
Florke Bomans
78.4%
Tim Cremers
78.4%
Jan Reimers
77.3%
Leontien Vercammen
73.9%
Paulien Snackaert
73.9%
Eva Verbist
72.7%
Mayra Magiels
72.7%
Geert Smekens
72.7%
Sofie Bastiaens
70.5%
Julia Van Capelle
70.5%
Adil Bakkal
70.5%
Dré Van Goethem
68.2%
Jens De Belder
68.2%
Judith Van Santen
67%
Katrien Snackaert
65.9%
Stan Van Damme
65.9%
Toon Vrancken
65.9%
Yvette De Schrijver
64.8%
Emma Van Damme
64.8%
Eric Bastiaens
63.6%
Jana Blomaert
63.6%
Renzo Fierens
62.5%
Bram Schepers
62.5%
Fernand Verbist
61.4%
Cois Pelkmans
61.4%
Aisha Fawzi
59.1%
Tibo Timmermans
56.8%
Marie Van Goethem
56.8%
Walter De Decker
55.7%
Werner Van Sevenant
55.7%
Jean-Pierre De Ruyter
55.7%
Angele Backx
54.5%
Naam van het personage % Correct
Walter Frans
54.5%
Kasper Adayef
54.5%
Sandrine De Decker
54.5%
Sandrine Verbeelen
53.4%
Veronique Van Sevenant
52.3%
Lou Swertvaeghers
48.9%
Britney Van Notegem
48.9%
Martine Lefever
45.5%
Robin Bomans
42%
Kurt Van Damme
42%
Ben De Witte
40.9%
Mike Van Notegem
40.9%
Maarten Reimers
38.6%
Pierre Snackaert
38.6%
Joeri Verbist
36.4%
Guy De Herdt
34.1%
Nina Oostvoghels
34.1%
Bennie De Taeye
33%
Claire Bastiaens
33%
Michael Bastiaens
33%
Roger Van De Wiele
30.7%
Pierre Vinck
30.7%
Robert Reimers
30.7%
Dorien De Backer
30.7%
Kris Moreels
30.7%
Sabine Verbist
29.5%
Charles Bastiaens
28.4%
Isabelle Vinck
28.4%
Manfred Stein
28.4%
André
28.4%
David Magiels
28.4%
Mathilde Reimers
27.3%
Nand Reimers
27.3%
Fien Roels
27.3%
Rafael Campo
27.3%
Kristoff Verbist
26.1%
Robert Swerts
26.1%
Youssef Bakali
26.1%
Herman Schepers
26.1%
Dirk Van Baelen
25%
Ellen Blomaert
25%
Felicienne Lejeune
23.9%
Gaston Vercammen
23.9%
Arthur Verbeeck
23.9%
Bruno Moreels
22.7%
Jelena Leshi
22.7%
Lynn Courtois
21.6%
Danny Stevens
21.6%
Robert Vercammen
20.5%
Lena Boons
20.5%
Linda Lievens
18.2%
Ivo Courtois
18.2%
Manon Raeman
17%
Naam van het personage % Correct
Valerie Wijndaele
15.9%
Els Vervloet
15.9%
Stijn De Belder
15.9%
Harry Moeyaerts
14.8%
Daisy Vandenkerckhove
14.8%
Jean-Marie Vandam
14.8%
Eline Eelen
14.8%
Yves Akkermans
13.6%
Willy Pleysier
13.6%
Claire Boons
13.6%
Betty Van Ginderen
13.6%
Bonnie
13.6%
Madeleine Vercauteren
13.6%
Neil Feyaerts
12.5%
Ingrid Michiels
12.5%
Jelle Cavens
12.5%
Maaike Mertens
12.5%
Beata Kozinsky
12.5%
Barbara Vinck
12.5%
Dominique Vertongen
12.5%
Gitta Thys
12.5%
Robbe Canaerts
11.4%
Filip Lamote
11.4%
Youri Lavrov
11.4%
Senne
10.2%
Ludo De Backer
10.2%
Jacques Van Ginderen
9.1%
Amber Van Gistel
9.1%
Sonja De Backer
9.1%
Alex Walters
8%
Rudi Sterckx
6.8%
Magda Clerkx
6.8%
Odette Julémont
6.8%
Saartje Bos
6.8%
Max Martens
6.8%
Clio Moeyaerts
5.7%
Marlies Bloemendael
5.7%
Nona Sareno
5.7%
Freddie Colpaert
5.7%
Louise Goorman
4.5%
Viktor Corthout
4.5%
Kevin Colpaert
4.5%
Arno Dandrea
4.5%
Jacky Baelemans
3.4%
Ria Verbaendert
2.3%
Constant De Schrijver
2.3%
Sylvain Geens
2.3%
Serge Narmont
2.3%
Lily Somers
1.1%
Jetteke
1.1%
Inspecteur Monard
1.1%

You're not logged in!

Compare scores with friends on all Sporcle quizzes.
Join for Free
OR
Log In

You Might Also Like...

Show Comments

Extras

Created Apr 9, 2014ReportNominate
Tags:alle, het, ken, naam, personage, van

Top Quizzes Today


Score Distribution

Your Account Isn't Verified!

In order to create a playlist on Sporcle, you need to verify the email address you used during registration. Go to your Sporcle Settings to finish the process.

Report this User

Report this user for behavior that violates our Community Guidelines.

Details: